Estadísticas para CULTURA GENERAL

Haz click aquí para intentar la prueba.

Estadísticas generales

  • Esta prueba ha sido intentada 174 veces
  • La puntuación promedio es 7 de 15

Estadísticas de respuestas

HintRespuesta% Correcto
¿En qué mes del año el Sol está más cerca de la Tierra?Diciembre
73%
¿En qué provincia de España se encuentra el parque temático de Port Aventura?Tarragona
65%
¿Cómo se llamaba el caballo de Don Quijote?Rocinante
64%
¿Quién creó el partido comunista?Lenin
60%
¿Cuántos corazones tiene un pulpo?Tres
60%
¿En qué año se creó la OTAN?1949
58%
(Completa la frase) Con un 6 y un 4 pinto la cara de tu ...Retrato
56%
¿Cuál es el río más largo de europa?Volga
47%
¿Quién es el atleta con más medallas olímpicas?Michael Phelps
44%
¿Quién interpreto a Adolf Hitler en "El gran dictador"?Charles Chaplin
42%
¿Cuál era la ciudad hogar de Marco Polo?Venecia
32%
¿Cuál es el pez más grande del océano?Tiburón ballena
22%
¿Cómo se llama el estudio de los hongos?Micología
18%
¿A qué jugador de la NBA se le apodaba como "El gordo"Charles Barkley
17%
¿Qué elemento de la tabla periódica corresponde a las siglas Rf?Rutherfordio
16%

Distribución de puntuación

Porcentaje por número respondido

Porcentaje de gente con cada puntuación

Historial de tus puntuaciones

No has intentado esta prueba.